Greatest Actresses - Statistics

General Stats
  • This quiz has been taken 225 times
  • The average score is 54 of 100
Answer Stats
Age Nat Answer % Correct
1929-1993 UK Audrey Hepburn
89%
1907-2003 USA Katharine Hepburn
89%
71 USA Meryl Streep
88%
1932-2011 UK Elizabeth Taylor
85%
1913-1967 UK Vivien Leigh
85%
1915-1982 SWE Ingrid Bergman
82%
1908-1988 USA Bette Davis
80%
1926-1962 USA Marilyn Monroe
79%
86 ITA Sophia Loren
79%
55 USA Viola Davis
79%
53 USA Julia Roberts
77%
75 UK Helen Mirren
76%
45 GBR Kate Winslet
76%
51 AUS Cate Blanchett
75%
1929-1982 USA Grace Kelly
75%
1905-1990 SWE Greta Garbo
75%
53 AUS Nicole Kidman
75%
46 USA Amy Adams
74%
86 UK Judi Dench
74%
39 USA Natalie Portman
74%
32 USA Emma Stone
73%
58 USA Jodie Foster
71%
86 UK Maggie Smith
71%
45 RSA Charlize Theron
70%
60 USA Julianne Moore
69%
75 USA Diane Keaton
68%
30 USA Jennifer Lawrence
68%
85 UK Julie Andrews
68%
1916-2020 UK Olivia de Havilland
68%
46 ESP Penélope Cruz
68%
56 USA Sandra Bullock
68%
83 USA Jane Fonda
65%
45 FRA Marion Cotillard
65%
61 UK Emma Thompson
64%
1905-1977 USA Joan Crawford
64%
74 USA Sally Field
64%
74 USA Susan Sarandon
63%
84 UK Glenda Jackson
62%
1924-2014 USA Lauren Bacall
62%
78 USA Barbra Streisand
61%
63 USA Frances McDormand
61%
1938-1981 USA Natalie Wood
61%
51 USA Renée Zellweger
61%
63 USA Holly Hunter
60%
1922-1969 USA Judy Garland
60%
1919-2009 USA Jennifer Jones
58%
71 USA Jessica Lange
57%
1901-1992 GER Marlene Dietrich
57%
75 USA Liza Minnelli
56%
71 USA Sigourney Weaver
56%
74 USA Glenn Close
55%
86 USA Shirley MacLaine
55%
80 USA Faye Dunaway
54%
72 USA Kathy Bates
52%
71 USA Sissy Spacek
52%
46 USA Hilary Swank
51%
53 UK Helena Bonham Carter
50%
47 UK Olivia Colman
50%
1917-1975 USA Susan Hayward
50%
45 USA Reese Witherspoon
49%
62 USA Annette Bening
48%
1921-2007 UK Deborah Kerr
48%
36 UK Keira Knightley
48%
1917-2013 UK Joan Fontaine
46%
1931-2005 USA Anne Bancroft
45%
1904-1996 UK Greer Garson
45%
51 UK Rachel Weisz
45%
91 USA Joanne Woodward
44%
1892-1979 CAN Mary Pickford
44%
84 UK Vanessa Redgrave
44%
88 USA Ellen Burstyn
43%
80 UK Julie Christie
43%
1910-2014 GER Luise Rainer
43%
40 USA Michelle Williams
43%
1907-1990 USA Barbara Stanwyck
42%
1903-1996 USA Claudette Colbert
42%
1911-1995 USA Ginger Rogers
42%
60 UK Tilda Swinton
42%
1917-2007 USA Jane Wyman
40%
1902-1983 CAN Norma Shearer
40%
1908-1973 ITA Anna Magnani
39%
53 USA Patricia Arquette
39%
1924-1987 USA Geraldine Page
38%
57 USA Laura Linney
38%
27 IRE Saoirse Ronan
38%
54 USA Laura Dern
37%
69 USA Anjelica Huston
35%
59 USA Meg Ryan
35%
68 FRA Isabelle Huppert
30%
1900-1993 USA Helen Hayes
29%
1920-2006 USA Shelley Winters
26%
89 PRI Rita Moreno
25%
73 USA Dianne Wiest
20%
50 USA Regina King
17%
95 UK Angela Lansbury
14%
82 NOR Liv Ullmann
14%
1899-1983 USA Gloria Swanson
12%
76 USA Mia Farrow
11%
1932-2016 USA Debbie Reynolds
8%
71 UK Julie Walters
7%
No matching quizzes found
Score Distribution
Percent of People with Each Score
Percentile by Number Answered
Your Score History
You have not taken this quiz